L. Ronald Hubbard : (Registro nro. 14203)

Detalles MARC
000 -LIDER
fixed length control field 01377nam a2200337 a 4500
001 - NÚMERO DE CONTROL
Identificador de número de control
003 - IDENTIFICACDOR DE NÚMERO DE CONTROL
control field
005 - DATE AND TIME OF LATEST TRANSACTION
control field 20220517123239.0
007 - CAMPOS FIJOS DE DESCRIPCIÓN FÍSICA
fixed length control field
008 - ELEMENTOS DE LONGITUD FIJA
fixed length control field 090509s2012 xxu 000 0 spa d
020 ## - ISBN
Canceled/invalid ISBN 9788764974317
040 ## - FUENTE DE CATALOGACIÓN
Agencia que crea de manera original el registro BPMSU
Idioma de catalogación spa
Agencia que realiza la transcripción BPMSU
050 ## - NÚMERO DE CLASIFICACIÓN BIBLIOTECA DEL CONGRESO
Item number
082 ## - NÚMERO DE CLASIFICACIÓN DECIMAL DE DEWEY
Classification number 928.973
Item number H875p. 2012
Edition number 22
100 1# - ASIENTO PRINCIPAL -- NOMBRE PERSONAL
Nombre personal Hubbard, L.Ronald
Fechas asociadas con el nombre 1911-1986
245 ## - MENCIÓN DE TITULO
Título L. Ronald Hubbard :
Subtítulo un perfil /
Mención de responsabilidad L. Ronald Hubbard
260 ## - PUBLICACIÓN, DISTRIBUCIÓN, ETC. (PIE DE IMPRENTA)
Lugar de publicación, distribución, etc [California] :
Nombre del editor, distribuidor, etc. New Era Publications International APS,
Fecha de publicación, distribución, etc 2012
300 ## - DESCRIPCIÓN FÍSICA
Extensión 231 p. ;
Dimensiones 29 cm.
490 0# - MENCIÓN DE SERIES
Materiales especificados La Colección de L. Ronald Hubbard.
505 ## - NOTA DE CONTENIDO
Texto normalizado de contenido Una introducción a L. Ronald Hubbard 1 -- Cronología : acontecimientos significativos en la vida de L. Ronald Hubber 17 -- Filántropo 87 -- Soluciones para educación 91 -- Respuestas a las drogas 105 -- El camino a la felicidad 113 -- Soluciones para la administración 125 -- Artista 135 -- Escritor 137 -- Maestro musical 149 -- Fotógrafo 153 -- Cineasta 157 -- Author Services, Inc. 161
590 ## - NOTA LOCAL
Enlace Inventariado, 2022/VM
600 14 - ENCABEZAMIENTO DE MATERIA--NOMBRE PERSONAL
Nombre personal Hubbard,L. Ronald,
Fechas asociadas con el nombre 1911-1986
Subdivisión de forma Biografías
650 #4 - ENCABEZAMIENTO DE MATERIA--TEMÁTICO
Término temático o nombre geográfico como elemento de entrada Autores estadounidenses
Subdivisión de forma Biografías
Subdivisión cronológica Siglo XX
910 ## - VALIDACIÓN
Validación VMateo V.
942 ## - ADDED ENTRY ELEMENTS (KOHA)
Source of classification or shelving scheme Dewey Decimal Classification
Koha item type Libros
945 ## - INFORMACIÓN DE PROCESAMIENTO LOCAL
Información de procesamiento local Inventariado / 2017 VM
956 ## - LOCAL ELECTRONIC LOCATION AND ACCESS (OCLC)
Nombre de host
Número de acceso
Información de compresión
Inicio de sesión
Procesador de solicitud
956 ## - LOCAL ELECTRONIC LOCATION AND ACCESS (OCLC)
Nombre de host
Número de acceso
Información de compresión
Inicio de sesión
Procesador de solicitud
956 ## - LOCAL ELECTRONIC LOCATION AND ACCESS (OCLC)
Nombre de host
Número de acceso
Información de compresión
Inicio de sesión
Procesador de solicitud
956 ## - LOCAL ELECTRONIC LOCATION AND ACCESS (OCLC)
Nombre de host VMATEO
Número de acceso 10
Información de compresión 20150807
Inicio de sesión BPMSU
Procesador de solicitud 00151
Existencias
Withdrawn status Lost status Source of classification or shelving scheme Damaged status Not for loan Collection code Home library Current library Date acquired Total Checkouts Full call number Barcode Date last seen Price effective from Koha item type Copy number
    Dewey Decimal Classification     Colección General Biblioteca Pública Metropolitana Salomé Ureña Biblioteca Pública Metropolitana Salomé Ureña 05/17/2022   BPMSU CG 928.973 H875p. 2012 BPMSU22050042 05/17/2022 05/17/2022 Libros  
    Dewey Decimal Classification     Colección General Biblioteca Pública Metropolitana Salomé Ureña Biblioteca Pública Metropolitana Salomé Ureña 05/17/2022   BPMSU CG 928.973 H875p. 2012 BPMSU22050043 05/17/2022 05/17/2022 Libros e.2